00359nam a2200145Ia 4500008004100000020001800041041000800059082001700067100002300084245003200107250000600139260003900145300001100184650001800195210716s2012 xx 000 0 und d a9788131770672 aeng a005.133 KOCS aKochan, Stephen G. aProgramming in objective c. a3 aNew DelhibPearson Educationc2012 axv,524 aC Programming